LEADER 01011nam a2200229 u 4500 001 000000020943 003 CaOOAMICUS 005 20070226110946.0 008 070226s1872 it u000 u ita u 035 $a10514727 040 $aBSR$bita$dPUL(R) 100 1 $aMatteucci, Giovanni,$csac.$0(OLS)http://pul/name/18123 245 10$aCenni storici dell'Anzio antico, Nettuno e Porto d'Anzio /$copera del Prof. Giovanni Canonico Matteucci .. 260 $aRoma :$bVaselli,$c1872. 300 $a102 p. ;$c24 cm 651 0$aAnzio (Italy)$xHistory.$2//eng$0(OLS)http://pul/subject/12757 651 0$aNettuno (Italy)$xHistory.$2//eng$0(OLS)http://pul/subject/13664 850 $aPUL 852 $aPUL$W1$xDP1 Antico 800$y27$m119 B 21$j29445$nBK-PRI$b $qStampati Antico$B29445$CPULBib$Z2$F29445 $H $81 941 1 $a15 996 $6245$aCenni storici dell'Anzio antico, Nettuno e Porto d'Anzio$9(OLS)http://pul/title/29405 996 $6260$aRoma :$bVaselli$9(OLS)http://pul/publisher/56871 LEADER 01508nam a2200325 u 4500 001 000000034843 003 CaOOAMICUS 005 20070226112522.0 008 980216s1981 fr u000 u fre u 020 $a2204017426 035 $a10782577 040 $aPUL(R)$bita 245 03$aLa liberté religieuse dans le Judaïsme, le Christianisme et l'Islam /$cE. Poulat .. [et al.] ; préface de Claud Geffré ; actes mis en form par Eric Binet et Roselyne Chenu. 260 $aParis :$bCerf,$c1981. 300 $a231 p. ;$c22 cm 490 1 $aCogitatio fidei ;$v110 500 $aSulla coperta: Colloque international à l'Abbaye de Sénanque. 650 4$aLibertà religiosa.$0(OLS)http://pul/subject/762 700 1 $aPoulat, Émile,$d1920-$0(OLS)http://pul/name/10532 700 1 $aChenu, Roselyne.$0(OLS)http://pul/name/26790 700 1 $aBinet, Eric.$0(OLS)http://pul/name/26789 700 1 $aGeffré, Claude.$0(OLS)http://pul/name/26788 830 0$aCogitatio fidei ;$v110.$0(OLS)http://pul/title/876 850 $aPUL 852 $aPUL$W1$xSL Diritto Canonico 1$y5$m147 A 54$j47717$nBK-PRI$b $qStampati$B47717$CPULBib$Z2$F47717 $H $81 941 1 $a8 960 $aLibertà di culto$xConvenzioni internazionali $9762 996 $6020$a2204017426$9(OLS)http://pul/number/43874 996 $6245$aLa liberté religieuse dans le Judaïsme, le Christianisme et l'Islam$9(OLS)http://pul/title/48008 996 $6260$aParis :$bCerf$9(OLS)http://pul/publisher/48238 LEADER 01872nam a2200349 u 4500 001 000000116469 003 CaOOAMICUS 005 20090625155059.0 008 090625m20032009it af u000 u ita r 020 $a88-8498-115-8 (v. 1) 020 $z978-88-8498-497-5 (v. 2)* 040 $aPUL$bita$dLDB 245 00$aCarteggio /$cGiovanni Papini, Giuseppe Prezzolini. 260 $aRoma :$bEdizioni di Storia e Letteratura ;$aLugano :$bBiblioteca cantonale ;$a[s.l.] :$bArchivio Prezzolini,$c2003-2009. 300 $av.<1-2> :$bill., tav. ;$c25 cm. 490 1 $aCarteggi di Giuseppe Prezzolini 500 $aInclude indici. 505 1 $av. 1. 1900-1907 : dagli Uomini liberi alla fine del Leonardo / a cura di Sandro Gentili, Gloria Manghetti. -- v. 2. 1908-1915 : Dalla nascita della "Voce" alla fine di "Lacerba" / a cura di Sandro Gentili e Gloria Manghetti. 700 1 $aPrezzolini, Giuseppe,$d1882-1982.$0(OLS)http://pul/name/2558 700 1 $aPapini, Giovanni,$d1881-1956.$0(OLS)http://pul/name/5962 700 1 $aGentili, Sandro.$0(OLS)http://pul/name/72343 700 1 $aManghetti, Gloria.$0(OLS)http://pul/name/72344 830 0$aCarteggi di Giuseppe Prezzolini.$0(OLS)http://pul/title/142894 850 $aPUL 852 $aPUL$W1$xDP2 Cons. Gen., Altre Classi 3$y97$m851 GENSA 1.2$j133488$bv. 2$qDDC 21$B132518$CPULBib$Z2$F132518 $H108504 $81 941 1 $a9 996 $6020$z978-88-8498-497-5 (v. 2)*$9(OLS)http://pul/number/141321 996 $6020$a88-8498-115-8 (v. 1)$9(OLS)http://pul/number/141322 996 $6245$aCarteggio$9(OLS)http://pul/title/29808 996 $6260$aRoma :$bEdizioni di Storia e Letteratura$9(OLS)http://pul/publisher/48123 996 $6260$aLugano :$bBiblioteca cantonale$9(OLS)http://pul/publisher/80448 996 $6260$a[s.l.] :$bArchivio Prezzolini$9(OLS)http://pul/publisher/80449